[Event "Zukertort Amstelveen-Caissa 31/2-61/2"]
[Site "?"]
[Date "2016.11.26"]
[Round "4"]
[White "Witt, Rob"]
[Black "Los, Sander"]
[Result "0-1"]
[WhiteElo "2201"]
[BlackElo "2236"]
[Annotator "Witt"]
[PlyCount "96"]
[EventDate "2016.??.??"]

{In de 4e ronde knsb trof ik aan bord 9 Sander Los. Ik had geen idee wat hij
speelt want ik had alleen gekeken naar Theulings en Tjark Vos en iets tegen
het Nimzo-indisch voorbereid.} 1. d4 g6 2. c4 Bg7 3. e4 d6 4. Nc3 {De
Averbakhvariant van de Modern Defence. Ik kan me niet herinneren wanneer ik
dat voor het laatst op het bord heb gehad of bestudeerd.} e5 5. Nf3 (5. dxe5
dxe5 6. Qxd8+ Kxd8 7. f4 {herinner ik me van een oude partij Karpov-Seirawan.})
({Een ander idee is} 5. Nge2 {in een poging om de Sämisch te krijgen als
zwart niet op d4 slaat.}) 5... Nc6 6. d5 {Deze speelde ik zonder nadenken.} ({
Michael Wunnink wees me na afloop op een goed alternatief} 6. Bg5 f6 7. Be3 Nh6
{Ik herinner me nu dat ik me ooit had voorgenomen om zo te spelen. En ik zal
toch ook wel de partij Giri-Carlsen gezien hebben die verder ging met} 8. h3
Nf7 9. c5 dxc5 10. dxe5 Nfxe5 11. Nxe5 fxe5 12. Bb5 Bd7 13. Bxc6 Bxc6 14. Bxc5
{1/2 (30)-1/2 (30) Giri,A (2784) -Carlsen,M (2862) Wijk aan Zee 2015}) 6... Nd4
(6... Nce7 {wordt vaker gespeeld.}) 7. Nxd4 exd4 8. Nb5 {Na een klein
kwartiertje. Ik wist vrijwel zeker dat dit de theoretische zet was maar begon
te twijfelen omdat ik niet een goede variant zag tegen a6. Terwijl Sander een
paar minuten nadacht over zijn antwoord begon ik me ook af te vragen wat het
beste antwoord was op 8.... De7. Maar toen kwam} Nf6 ({Ik was niet bang voor} 
8... c5 9. dxc6 bxc6 10. Nxd4 {leek me kansrijk voor wit na bijv.} Qb6 11. Be3
Qxb2 12. Be2 Qc3+ 13. Kf1) ({Ik maakte me wel een beetje zorgen over} 8... a6
9. Nxd4 Qh4 {Ik plande daarop} 10. Be3 Qxe4 11. Qd2 {overigens zonder de
mogelijkheid} ({Meeste partijen gaan verder met} 11. Qd3 {maar dat lijkt ook
niks bijzonders.}) 11... Bh6 {te zien.}) ({Op} 8... Qe7 {had ik nog niks
bedacht.}) 9. Bd3 O-O 10. O-O Re8 11. f3 $2 {Na 10 minuten. Kennelijk minder
goed. Van de 123 partijen in de database gaan er 118 verder met Te1.} ({Op} 11.
Re1 {zag ik} Ng4 (11... a6 12. Nxd4 Nxd5 13. cxd5 Bxd4 {is ook veel gespeeld.
Ik zie niet wat wit hier heeft.}) 12. h3 a6 13. hxg4 axb5 14. cxb5 Qh4 {
En zwart krijgt pion g4 terug.} 15. g3 ({Beter lijkt} 15. Bf4 $5 Bxg4 16. Qc1)
15... Qxg4 16. Qxg4 Bxg4 {1/2-1/2 (53) Aronian,L (2808)-Nakamura,H (2774)
Monte Carlo 2011}) 11... c6 {Na een kwartiertje. Terwijl Sander nadacht liep
ik rond en wierp een jaloerse blik op het bord van Michael. Hij had tegen
Tjark Vos precies een van de varianten op het bord die ik had voorbereid.} 12.
Na3 Nd7 $1 {Een uitstekende zet. Zwart dreigt iets als Pc5, Pxd3 en f5. Op Pc5
wil ik daarom mijn Ld3 terugtrekken naar c2. Maar wat is nu een nuttige zet.
Na 18 minuten koos ik voor} 13. Rb1 a5 14. Bf4 Nc5 15. Bc2 $2 {A tempo.} ({
Ik had hier toch moeten nadenken. Na bijv.} 15. Qd2 f5 16. Rbe1 Nxd3 17. Qxd3 {
is de schade nog te overzien.}) 15... f5 $1 {Dit heb ik onderschat.} 16. exf5 {
In arrenmoede besluit ik een stuk te geven voor een handjevol pionnen.} (16.
Re1 Qf6 {was ook geen pretje.}) 16... d3 17. fxg6 (17. Bxd3 Nxd3 18. Qxd3 Qb6+
19. Kh1 Bxf5 {is hopeloos.}) 17... dxc2 18. gxh7+ Kh8 19. Nxc2 (19. Qxc2 Qf6)
19... Bf5 {Ook deze stelling is hopeloos. De zwarte stukken zijn veel te
actief.} 20. Qd2 Nd3 {Beide spelers hebben nog een half uur.} ({Ik verwachtte} 
20... Qf6 $1 {en stond op het punt om op te geven.}) 21. Bg5 Qb6+ 22. Kh1 Nb4
23. Be3 {Om de een of andere reden kwam deze zet als een verrassing voor
Sander. Voor zijn volgende serie zetten verbruikte hij veel tijd.} Qc7 {
Na 5 minuten.} 24. Nd4 Bxb1 {Na 7 minuten.} 25. Rxb1 cxd5 {Na 5 minuten.} 26.
Nf5 {Na 10 minuten. Er dreigt absoluut niks, maar kennelijk begon Sander
spoken te zien.} Rxe3 $2 {Volkomen onnodig en bijna a tempo geeft hij een
kwaliteit terug.} ({Na bijv.} 26... Be5 27. f4 Rf8 {heeft wit niks te hopen.})
27. Qxe3 dxc4 {Dat zal ook niet de beste zijn.} (27... Be5) 28. Ne7 $2 {
Na 5 minuten. Deze zet hoort wel bij de schwindelkansen maar niet op dit
moment.} ({Veel beter was} 28. Qe6 $1 {waarna zwart alleen nog voordeel houdt
na} Nc6 ({Op bijv.} 28... d5 29. Re1 Nd3 {heeft wit} 30. Ne7 Qd8 {only move}
31. Qf5 $1 {en het zwarte voordeel is verdwenen.}) 29. Nxd6 Rf8 $15 {en dit
was nog een spannende tijdnoodfase geworden na} 30. Ne8) 28... Qd7 {Na 6
minuten. Sander staat weer op winst. Maar hij is met nog 6 minuten op de klok
duidelijk nerveus en zit voortdurend naar de klok te kijken. Zijn volgende
drie zetten zijn echter goed.} 29. Qe4 {Ik heb hier nog 8 minuten en zag niks
beters.} d5 30. Qh4 Qe6 31. Re1 Qf7 {Zwart nog 3 minuten. Hierna zag ik geen
zet meer en toen ik minder dan een minuut had deed ik maar} 32. Qg5 (32. Qg4
Re8 33. Qd7 Kxh7 34. Re3 Nd3 35. Qh3+ Bh6) 32... Nd3 $2 {Niet zozeer een
blunder maar een verkeerde inschatting. Sander wil bewust zijn dame geven in
de veronderstelling dat hij met toren en twe stukken tegen mijn dame makkelijk
wint. Maar dit geeft alle voordeel weg.} ({Na simpel} 32... Re8 {met de
dreiging Pc6 kan ik opgeven.}) 33. Ng6+ Qxg6 34. Qxg6 Nxe1 35. Qe6 {De engine
geeft hier 0.00} Nd3 36. Qxd5 Re8 37. h4 Nxb2 38. Qxb7 c3 39. Qf7 Rf8 40. Qg6
$2 {Helaas. De beruchte 40e zet geeft de remise weg.} ({Na} 40. Qd5 {(Dc7 is
ook goed) kan zwart niet verder komen.}) ({Na} 40. Qc7 {werkt het plan om het
paard naar e3 te werken niet.} Nd1 $6 41. h5 {En zwart moet zelfs een beetje
oppassen.}) 40... Nd1 $1 {Plotseling heeft zwart wel een winstplan wat ik hier
nog niet door had.} 41. Kh2 {Andere zetten verliezen ook.} Ne3 42. Qe4 c2 $1 {
Dat is het idee.} 43. Qxe3 (43. Qc6 Be5+ (43... Bb2 44. Qc5 Rb8 45. Qc7 c1=Q
46. Qxb8+ Kxh7 47. Qb7+ Kg6 48. Qe4+ Kf6 49. Qf4+ Ke6) 44. Kh3 Bb2 45. Qc5
Rxf3+ 46. gxf3 c1=Q 47. Qf8+ Kxh7 48. Qf7+ Kh6) 43... Rc8 44. Qc1 Kxh7 45. g4 (
{Ik kan de partij nog rekken met} 45. Kh3 Bb2 46. Qxb2 c1=Q 47. Qb7+ Kh8 {
maar de uitslag staat vast.}) 45... Bb2 46. Qg5 c1=Q 47. Qf5+ Kg7 48. Qd7+ Kh8
{En ik feliciteerde Sander. Hiermee werd de stand 3-3 maar de resterende vier
partijen stonden beter voor ons zodat de uitslag 6½-3½ werd.} 0-1

[Event "Caissa intern 2016-2017"]
[Site "?"]
[Date "2016.11.29"]
[Round "12"]
[White "Riemens, Albert"]
[Black "Witt, Rob"]
[Result "1-0"]
[WhiteElo "2004"]
[BlackElo "2201"]
[Annotator "Witt"]
[PlyCount "93"]
[EventDate "2016.??.??"]

1. e4 e6 2. d4 d5 3. Nc3 Nf6 4. e5 Nfd7 5. Nce2 c5 6. c3 Nc6 ({Zwart heeft
hier ook een solide speelwijze die ik een keer tegen Nirav Christophe gespeeld
heb.} 6... cxd4 7. cxd4 f6 8. Nf4 Bb4+ 9. Bd2 Qb6 10. Bxb4 Qxb4+ 11. Qd2 Qxd2+
12. Kxd2 Ke7 13. exf6+ gxf6 $11) 7. f4 Be7 8. Nf3 cxd4 9. cxd4 Qb6 10. g3 O-O {
Deze stelling ontstaat meestal uit de Tarraschvariant met 3..... Pf6 en 5.f4.
Ik ben naar niet meer zo in thuis omdat ik de laatste jaren de Tarrasch met 3..
.. c5 bestrijdt.} 11. Kf2 {Dit wordt zelden gespeeld.} ({In de database zie ik
ruim 180 partijen met} 11. Bh3 f6 12. Bxe6+ Kh8 {met grote complicaties die
niet ongunstig zijn voor zwart voorzover ik me kan herinneren. Bijv. (69.0-1)
Negi,P (2597)-Feygin,M (2569) Germany 2008}) 11... f6 12. Kg2 {Albert had hier
25 minuten verbruikt wat op zich vreemd is (zie commentaar bij de 13e zet).}
fxe5 {Na 10 minuten.} ({Ik keek ook naar} 12... g5 $5 {Het verbaast me dat
hier geen partijen mee zijn. Ik zag het niet zo scherp na} 13. exf6 Nxf6 14.
Nxg5 (14. fxg5 Ne4 15. Nc3 Bd7 {wilde ik wel spelen.}) 14... e5 $5 15. Nf3 exf4
16. Nxf4 {De engine vindt dat zwart ruim voldoende compensatie heeft voor de
pion.}) 13. fxe5 {Hier dacht ik een kwartier na, met name over het stukoffer
op e5. Ik kwam er niet uit en koos uiteindelijk voor} g5 $146 (13... Ndxe5 14.
dxe5 Nxe5 {Na afloop vertelde Albert dat hij deze stelling enkele weken
geleden op het bord had tegen Ton van Nieuwkerk! Albert deed hier toen een
slechte zet en zei dat hij had moeten kiezen voor} 15. Ned4 $1 {waarna wit
volgens hem beter staat. En dat is de stelling waar ik niet zag hoe het verder
moet. Er is een partij die verder gaat met} Nxf3 16. Nxf3 e5 $1 {Die had ik
niet bekeken.} 17. Qxd5+ $2 ({Beter is} 17. Be2 Qd6 18. Rf1 {en zwart heeft
misschien voldoende compensatie.}) 17... Be6 18. Qe4 Rxf3 $1 {Niet slecht
gespeeld voor een 1800-speler.} 19. Kxf3 Rf8+ 20. Ke2 Qf2+ 21. Kd1 Rd8+ 22. Bd3
Bg4+ {0-1 Wits,P (1760)-Faby,F (1890) Issy les Moulineaux 1994}) 14. Qb3 $6 {
Na 20 minuten kwam deze voor mij als een verrassing. Een Karjakin-zet was mijn
eerste gedachte. Hij gaat de complicaties uit de weg. Maar daarmee doe ik
Albert toch te kort. Hij speelt het vervolg heel goed. In ieder geval beter
dan ik.} ({Terwijl Albert nadacht had ik rondgelopen en me vooral het hoofd
gebroken over} 14. h3 {wat ook de beste zet lijkt. De engine geeft wit een
plusje.}) 14... Qxb3 {Na 10 minuten dacht ik dat dit min of meer gedwongen is.}
(14... Qd8 15. h4 $1 g4 16. Ng5 {is heel goed voor wit.}) ({Ik heb helaas niet
serieus gekeken naar} 14... g4 $1 {omdat ik veld f4 niet wilde weggeven. De
engine geeft} 15. Ne1 Bb4 $1 16. Nd3 Rf3 {met onoverzichtelijke complicaties.})
15. axb3 h6 $2 {Zonder nadenken gespeeld en snel naar buiten voor een
rookpauze. Daar besefte ik meteen dat dit een vreselijk slechte zet is.} ({
Noodzakelijk was} 15... g4 {en na} 16. Ne1 {misschien} b6 {en eventueel Pa5.})
16. h4 $1 {Natuurlijk.} g4 17. Ne1 Kg7 ({Na} 17... h5 18. Be3 {gevolgd door
Pf4 is ook verschrikkelijk.}) 18. Be3 Nb6 {Hier heeft het paard geen toekomst,
maar wat moet ik anders. Zwart staat verloren en de enige hoop is dat er in de
tijdnoodfase gekke dingen gebeuren.} 19. Nf4 Bd7 20. Ned3 Rf5 {Beide spelers
nog 25 minuten.} 21. h5 Rg8 {Na een kwartier.} 22. Be2 Kf7 23. Ng6 Bg5 24. Ndf4
Ke8 {Wit nog 8 minuten, zwart 4 minuten.} 25. Bxg4 Rf7 26. Bh3 {Wit nu ook
onder de 5 minuten en 15 seconden increment.} ({Sterker was} 26. Rhf1) 26...
Nc8 27. Nxd5 $2 {Een impulsieve zet die het grootste deel van het voordeel
weggeeft.} (27. Rhf1) 27... Bxe3 28. Nxe3 Nxd4 29. Rhf1 Nxb3 $2 ({Mijn eerste
gedachte was} 29... Bc6+ {maar na} 30. Kh2 Nf3+ 31. Rxf3 Rxf3 32. Bxe6 {
zag ik mijn toren en paard instaan en overzag dat zijn Pe3 ook instaat. Wit
lijkt nog iets beter te staan maar zwart lijkt het te houden na een lange
geforceerde computervariant:} Rxg6 33. hxg6 Rxe3 34. g7 Ne7 35. Rxa7 $1 Kd8 36.
Ra8+ Kc7 37. Rf8 Rxe5 38. Rf7 Kd6 39. Rxe7 Rg5 40. g8=Q Rxg8 41. Bxg8 Kxe7 $11
{Maar in tijdnood waren er vast heel andere dingen gebeurd.}) 30. Rad1 Bc6+ 31.
Kh2 Rxf1 32. Rxf1 Nd4 (32... Nd2 $5) 33. Bg4 Ne7 34. Rf6 $2 (34. Rf4 $1) 34...
Bd7 $2 (34... Be4) 35. Nc4 $2 (35. Nxe7 Kxe7 36. Rxh6) 35... Nd5 $2 (35... Nxg6
36. hxg6 Rg7 $13) 36. Nd6+ Kd8 37. Nxb7+ Kc7 38. Nc5 (38. Rf7 $1) 38... Nxf6 $2
{De laatste fout.} (38... Rd8) 39. exf6 Be8 40. Nxe6+ Nxe6 41. Bxe6 Bf7 42.
Bxf7 Rb8 43. Be6 Kd6 44. f7 Kxe6 45. f8=Q Rxf8 46. Nxf8+ Kf5 47. Kh3 {En ik
feliciteerde Albert. Ik probeer altijd tijdnood te vermijden en deze partij
maakt weer eens duidelijk waarom dat is.} 1-0

[Event "LSV Chesspirant - Jean Jaures 2-6"]
[Site "?"]
[Date "2016.12.04"]
[Round "5"]
[White "Witt, Rob"]
[Black "Decruyenaere, Robbert"]
[Result "1-0"]
[WhiteElo "2201"]
[BlackElo "1713"]
[Annotator "Witt"]
[PlyCount "77"]
[EventDate "2016.??.??"]

{In de 5e ronde speelden we met Jean Jaurès een uitwedstrijd in Merelbeke
tegen het zogenaamde kinderteam LSV Chesspirant. Mijn tegenstander is 14 jaar.
Zijn Belgische rating is iets hoger, 1851.} 1. d4 Nf6 2. c4 g6 3. Nc3 Bg7 4. e4
d6 {Ik had gezien dat hij altijd Koningsindisch speelde en had besloten mijn
Mar del Plata weer eens in te ruilen voor de Sämisch.} 5. f3 O-O 6. Be3 a6 ({
Ik had alleen twee partijen met} 6... e5 {van hem gezien.}) 7. Qd2 Nc6 8. Nge2
Bd7 {Dit had mijn tegenstander allemaal a tempo gespeeld waarbij hij mij na
iedere zet aankeek. Dat vind ik irritant en bovendien was deze zet nieuw voor
mij. Schandorff noemt dit de 'The new Panno variation'.} ({Ik heb alleen
ervaring met de klassieke Panno} 8... Rb8 9. Rc1 Bd7 10. Nd1 {bijv. Witt,R 
(2195)-Roebers,J (2141) Eijgenbrood 2015 (34.1-0)}) 9. g4 {Na een minuut of 5
leek mij dit de logische aanpak. Deze zet wordt ook aanbevolen door Schandorff.
De meeste oudere partijen gaan verder met Pc1. Svetushkin geeft echter de
voorkeur aan b3 en Tc1.} Na5 $6 {Dit is misschien al onnauwkeurig.} ({Beter
lijkt meteen} 9... b5 10. h4 {en nu} ({minder goed is} 10. Ng3 {wegens} e5 11.
d5 Nd4) 10... h5 $1 {met spannende stelling.} ({Schandorf noemt alleen} 10...
Na5 11. Ng3 {wat tot de partij leidt.} ({Svetushkin noemt hier} 11. Nf4 $1 {
Het valt me nu pas op dat Svetushkin de Sämisch veel beter behandelt dan
Schandorff. Ik moet toch eens vaker in een boek kijken.}))) 10. Ng3 b5 11. h4
bxc4 $2 {Na 10 minuten. Dit geeft wit de vrije hand op de koningsvleugel.} (
11... c5 12. g5 Nh5 13. Nxh5 gxh5 14. dxc5 Be6 15. cxd6 Nxc4 16. Bxc4 Bxc4 17.
Rd1 $14 {Vitiugov,N (2710)-Novikov,S (2552) Dagomys 2010 (42.1-0)}) 12. h5 e5
$2 {En dit geeft wit helemaal vrij spel.} (12... c5) 13. dxe5 {Na 5 minuten.}
dxe5 14. O-O-O Be6 {Stockfish 8 geeft wit maar liefst 3.80 voordeel. Jammer
dat je dat niet weet tijdens de partij want zo makkelijk vond ik het nou ook
weer niet al besefte ik wel dat ik heel goed stond.} 15. Qh2 {Na 10 minuten.} (
{Ook goed maar minder sterk leek me} 15. Nd5 {wegens} Nc6) 15... Qe7 {Na 10
minuten. Zelf dacht ik hierna een kwartiertje na. Ik werd een beetje duizelig
van alle mogelijke aantrekkelijke varianten. Uiteindelijk koos ik voor de zet
die het lekkerste aanvoelde om uit te voeren.} 16. Nf5 ({Het meest simpel is
achteraf} 16. hxg6 fxg6 17. g5 Nh5 {Volgens de engine kan zwart het beste zijn
paard niet redden, maar dan staat het ook +4 voor wit.} (17... Ne8 18. Qxh7+
Kf7 19. Rh6 Rh8 20. Qxg6+ Kg8 21. Nf5 $18) 18. Nxh5 gxh5 19. Qxh5 Rfd8 20.
Qxh7+ Kf8 21. Bh3 $18 {en hier leiden vele wegen naar Rome.}) ({Ook
aantrekkelijk leek me} 16. g5 Nxh5 17. Nxh5 gxh5 18. Qxh5 Rfd8 19. Qxh7+ Kf8
20. Bh3 {maar dit vond ik wat ingewikkeld.}) 16... gxf5 {Na 10 minuten.} ({
De engine geeft als relatief beste} 16... Bxf5 17. exf5 g5 {Die had ik niet
gezien. Het beste lijkt nu} 18. h6 Bh8 {Met groot voordeel al is het niet zo
duidelijk hoe wit dit het beste in winst omzet.}) 17. gxf5 $2 {A tempo een
vingerfout die een deel van het voordeel weggeeft.} ({Ik had in deze variant} 
17. h6 $1 {gepland met de volgende geforceerde variant} Bh8 18. gxf5 Bxf5 19.
exf5 Rfd8 20. Qg1+ Kf8 21. Bc5 $18 {en de rest geloofde ik wel.}) 17... Bxf5
18. h6 $6 {Dan maar alsnog deze, dacht ik balend van mijn slordigheid.} ({
Ik had toch even serieus moeten kijken naar} 18. exf5 h6 19. Qg1 $16 {met een
dubbele dreiging.}) 18... Bg6 19. hxg7 Rfd8 20. Rxd8+ {Na 7 minuten. Hopelijk
kan ik iets bereiken met de penning van zijn paard.} Rxd8 21. Bg5 c6 $2 {
Die deed mijn tegenstander bijna a tempo. Het was veel belangrijker om zijn
andere paard in het spel te brengen.} (21... Nc6 22. Bxc4 ({Vooral niet} 22.
Nd5 $2 Rxd5 23. exd5 Nd4 {en zwart speelt op winst.}) 22... Nd4 {en zwart doet
gewoon weer mee.}) 22. Qh4 $6 {Opnieuw te snel gespeeld.} ({Veel sterker was} 
22. f4 $1 {en zwart heeft geen fatsoenlijke zet meer.}) 22... Kxg7 23. Bh3 $2 {
Na 10 minuten. Ik wilde mijn toren op de f-lijn krijgen en met f4 vervolgen.
Daarnaast dreig ik misschien iets met Lh3-f5xg6.} ({Het was veel handiger om
met} 23. Rh2 $1 {naar de f-lijn te gaan. Mijn Lf1 stond daar goed om veld d3
in de gaten te houden en pion c4 aan te vallen als zwart zijn paard wil
omspelen.}) 23... h5 $2 {Na 8 minuten. Dit was pas nodig als wit Lf5 gespeeld
heeft.} ({Dit was een mooi moment om het paard om te spelen.} 23... Nb7 {
En het is duidelijk dat ik erin geslaagd ben om al mijn voordeel weg te geven.}
) 24. f4 {Hierna dacht zwart 20 minuten na. Hij keek ondertussen ook
regelmatig naar de borden naast ons zodat het leek alsof hij het niet meer zag
zitten.} exf4 25. Qxf4 Qd6 $2 {Na 5 minuten.} ({Ik verwachtte} 25... Rd3 26.
Bf5 ({Vooral niet} 26. e5 $2 Rxc3+ 27. bxc3 Qa3+ 28. Kd1 Nd5 $17) 26... Rxc3+
27. bxc3 Qa3+ 28. Kb1 Qxc3 {en hier wist ik nog niet wat ik moet spelen.
Volgens de engine staat wit gewonnen na} 29. Rd1 {waarna zwart geen eeuwig
schaak heeft en na andere zetten staat wit ook op winst.}) 26. Qxd6 $2 {
Deze idiote zet binnen 1 of 2 minuten.} ({Toen zwart zo lang nadacht begon ik
plotseling spoken te zien na} 26. e5 Qd3 {met matdreiging.} (26... Nd5 {
verliest op allerlei manieren.}) 27. Qxf6+ Kh7 28. Rh2 ({Ik miste} 28. Bf5 $1 {
wat op slag wint.}) 28... Qg3 29. Re2 Rd3 {met name van deze stelling raakte
ik in verwarring. Maar opnieuw} 30. Bf5 {is totaal uit.}) 26... Rxd6 27. e5 Nh7
28. exd6 Nxg5 29. d7 $2 {Na 6 minuten.} ({Veel sterker was} 29. Bc8 {waar ik
wel naar gekeken had, maar na} Ne6 30. Re1 Kf6 {zag ik geen vervolg. Dat
blijkt echter niet zo moeilijk. Na} 31. Ne4+ Bxe4 32. Rxe4 c5 33. Kd2 {zit
zwart in grote problemen.}) 29... Nb7 30. Bf1 Kf6 31. Bxc4 a5 32. Be2 Ne4 $2 {
Eindelijk bezwijkt zwart definitief.} ({Hij had mijn d-pion moeten ophalen.} 
32... Ke7 33. Bxh5 Bf5 {en het is nog maar de vraag of ik dit kan winnen.}) 33.
Nxe4+ Bxe4 34. Rxh5 Bd5 ({Iets taaier is} 34... Ke6 35. Ba6 Nd8 36. Bc8 Kd6 37.
Rxa5 {maar dit is ook verloren.}) 35. Rh8 Ke7 36. Ba6 Nd8 37. Bc8 Ne6 38. Re8+
Kd6 39. Rxe6+ {En zwart gaf op. We wonnen de wedstrijd met 6-2. Merelbeke
bleek over een prima pizzeria te beschikken. Vooral de pizza van Michael was
indrukwekkend.} 1-0